000 00214nam a22000857a 4500
008 161213b xxu||||| |||| 00| 0 eng d
100 _92003
_aAneja.P.C.
245 _aDeutsch Interessant-1
260 _aNew Delhi
_bIBP
_c2004
999 _c4860
_d4860